LEADER 01027nam0 2200313 4500 001 000028759 005 20130314180258.0 010 $a978-88-251-7357-4 100 $a20120319d2010----km-y0itay50------ba 101 0 $aita 102 $aIT 105 $ay-------001yy 200 1 $aMateriali da costruzione$fLuca Bertolini 205 $a2. ed 210 $aTorino$cCittà studi$d2010 215 $a2 v.$cill.$d26 cm 327 1 $a1.: Struttura, proprietà e tecnologie di produzione$a2.: Degrado, prevenzione, diagnosi, restauro 451 0$1001000008846 500 10$aMateriali da costruzione$937276 610 1 $aMateriali da costruzione 676 $a691$v21$9Materiali da costruzione 700 1$aBertolini,$bLuca$4070$024091 801 0$aIT$bUNIPARTHENOPE$c20120319$gRICA$2UNIMARC 912 $a000028759 951 $aP1 691-M/2/I$b43564$cPIST$d2012 951 $aP1 691-M/2/I (1)$b44246$cPIST$d2012 951 $aP1 691-M/2/II$b44517$cPIST$d2013 996 $aMateriali da costruzione$937276 997 $aUNIPARTHENOPE LEADER 00861oam 2200277z- 450 001 9910154864003321 005 20230913112557.0 010 $a1-78360-654-1 010 $a1-78360-656-8 035 $a(CKB)3710000000966405 035 $a(BIP)051846856 035 $a(EXLCZ)993710000000966405 100 $a20161226c2016uuuu -u- - 101 0 $aeng 200 10$aPush Back 210 $cZed Books 215 $a1 online resource (304 p.) $cill 330 8 $aShows how the Rajapaksa government in Sri Lanka was adept at deflecting international criticism, as well as the wider implications for human rights and international peacemaking. 610 $aSri lanka 610 $aPolitical science 676 $a954.9303/2 700 $aLarge$b Judith$01438841 906 $aBOOK 912 $a9910154864003321 996 $aPush Back$93600630 997 $aUNINA LEADER 01144nam0 22003011i 450 001 UON00235197 005 20231205103521.823 010 $a28-04-00764-2 100 $a20030730f1992 |0itac50 ba 101 $afre 102 $aBE 105 $a|||| 1|||| 200 1 $aÉcrits$eanthologie$fCamille Goemans$gpréface de Robert Wangermée$glecture d'Ana González Salvador 210 $aBruxelles$cLabor$dc1992 215 $a267 p.$d18 cm. 410 1$1001UON00173732$12001 $aEspace Nord$1210 $aBruxelles$cLabor.$v72 620 $aBE$dBruxelles$3UONL000128 676 $aB841$cLetteratura belga. Poesia$v21 700 1$aGOEMANS$bCamille$3UONV123192$0204131 702 1$aGONZALEZ SALVADOR$bAna$3UONV146121 702 1$aWANGERMÉE$bRobert$3UONV146107 712 $aLabor$3UONV249823$4650 801 $aIT$bSOL$c20240220$gRICA 899 $aSIBA - SISTEMA BIBLIOTECARIO DI ATENEO$2UONSI 912 $aUON00235197 950 $aSIBA - SISTEMA BIBLIOTECARIO DI ATENEO$dSI Francese B 1 116 $eSI LO 68939/1 7 116 996 $aÉcrits$91000939 997 $aUNIOR